[Event "Oberliga Sued W 2122"]
[Site "Germany"]
[Date "2022.02.13"]
[Round "6.7"]
[White "Jenner, Meikel"]
[Black "Holle, Cedric"]
[Result "0-1"]
[WhiteElo "1977"]
[BlackElo "2110"]
[PlyCount "62"]
[EventDate "2021.10.24"]
[EventType "team-tourn"]
[EventRounds "9"]
[EventCountry "GER"]
[SourceTitle "EXT 2023"]
[Source "ChessBase"]
[SourceDate "2022.10.05"]
[SourceVersion "1"]
[SourceVersionDate "2022.10.05"]
[SourceQuality "1"]
[WhiteTeam "Saarbruecken"]
[BlackTeam "Schwarzenbach"]
[WhiteTeamCountry "GER"]
[BlackTeamCountry "GER"]

1. e4 e5 2. f4 exf4 3. Nf3 Nc6 4. h4 Nf6 5. Nc3 d5 6. exd5 Nxd5 7. Bc4 Nxc3 8. bxc3 Bd6 9. d4 Bg4 10. Kf2 0-0 11. Qd3 Qf6 12. Rb1 Rae8 13. Bd5 Bf5 14. Qd2 Qg6 15. Rxb7 Ne7 16. Bc4 Be4 17. Rb5 Qg3+ 18. Kg1 Nf5 19. Rh3 Qg4 20. Be2 Bc6 21. Ra5 Ng3 22. Bd1 Bxf3 23. Bxf3 Qe6 24. Kf2 Re7 25. Ba3 Bxa3 26. Rxa3 Qd6 27. Rxa7 Rfe8 28. Ra8 Rxa8 29. Bxa8 Re2+ 30. Qxe2 Nxe2 31. Kxe2 Qa6+ 0-1

[Event "Oberliga Sued W 2122"]
[Site "Germany"]
[Date "2021.11.14"]
[Round "2.8"]
[White "Berker, Daniel"]
[Black "Holle, Cedric"]
[Result "1/2-1/2"]
[WhiteElo "1784"]
[BlackElo "2110"]
[PlyCount "96"]
[EventDate "2021.10.24"]
[EventType "team-tourn"]
[EventRounds "9"]
[EventCountry "GER"]
[SourceTitle "EXT 2023"]
[Source "ChessBase"]
[SourceDate "2022.10.05"]
[SourceVersion "1"]
[SourceVersionDate "2022.10.05"]
[SourceQuality "1"]
[WhiteTeam "Altenkirchen"]
[BlackTeam "Schwarzenbach"]
[WhiteTeamCountry "GER"]
[BlackTeamCountry "GER"]

1. e4 e5 2. Nf3 Nc6 3. Nc3 Nf6 4. d4 exd4 5. Nd5 Nxd5 6. exd5 Bb4+ 7. Bd2 Qe7+ 8. Qe2 Bxd2+ 9. Kxd2 Qxe2+ 10. Bxe2 Nb4 11. Bc4 0-0 12. Nxd4 c6 13. c3 cxd5 14. Bb3 Nc6 15. Rhe1 d6 16. Bxd5 Nxd4 17. cxd4 Be6 18. Bxe6 fxe6 19. f3 Kf7 20. Rac1 Rac8 21. Rc3 Rxc3 22. bxc3 Rc8 23. Kd3 d5 24. Rb1 b6 25. a4 Kf6 26. a5 bxa5 27. Rb5 Rc6 28. Rxa5 a6 29. g3 g5 30. g4 Kg6 31. Ra2 h5 32. h3 h4 33. Ra3 Kf6 34. Ra5 Rb6 35. Kc2 Ke7 36. c4 dxc4 37. Rxg5 Rb3 38. Rh5 Rxf3 39. Rxh4 Kd6 40. Rh5 Rd3 41. Ra5 Rxh3 42. Rc5 Rg3 43. Rxc4 Kd5 44. Ra4 Rxg4 45. Kd3 Rg3+ 46. Ke2 Ke4 47. Rxa6 Rg2+ 48. Kf1 Rg6 1/2-1/2

[Event "Oberliga Sued W 1920"]
[Site "Germany"]
[Date "2020.03.01"]
[Round "7.7"]
[White "Aubertin, Tim"]
[Black "Holle, Cedric"]
[Result "0-1"]
[WhiteElo "1916"]
[BlackElo "2105"]
[PlyCount "110"]
[EventDate "2019.09.29"]
[EventType "team-tourn"]
[EventRounds "9"]
[EventCountry "GER"]
[SourceTitle "EXT 2021"]
[Source "ChessBase"]
[SourceDate "2020.10.23"]
[SourceVersion "1"]
[SourceVersionDate "2020.10.23"]
[SourceQuality "1"]

1. d4 Nf6 2. Bf4 g6 3. Nc3 d5 4. e3 Bg7 5. Nf3 0-0 6. h3 c5 7. Be2 Nc6 8. Qd2 Ne4 9. Nxe4 dxe4 10. Ng5 cxd4 11. exd4 Qxd4 12. c3 Qxd2+ 13. Bxd2 Ne5 14. Nxe4 Bf5 15. Ng3 Bd3 16. 0-0 Rfd8 17. Rae1 Bc2 18. Bg5 Nd3 19. Ra1 Nxb2 20. Bxe7 Re8 21. Ba3 Nd3 22. Bxd3 Bxd3 23. Rfd1 Bc4 24. Rd7 b5 25. Bc5 Bxc3 26. Rc1 Be5 27. Rxa7 Rxa7 28. Bxa7 Ra8 29. Bc5 Rxa2 30. Ne4 f5 31. Nd6 Bd3 32. Re1 Ra1 33. Rxa1 Bxa1 34. Bb4 Kg7 35. g4 Kf6 36. gxf5 gxf5 37. Kg2 Be2 38. Kg3 Be5+ 39. f4 Bd4 40. Nb7 Ke6 41. Nd6 Be3 42. Ne8 Kd5 43. Nf6+ Kc4 44. Ba3 h6 45. Bf8 h5 46. Kh4 Bxf4 47. Nxh5 Be5 48. Kg5 Bxh5 49. Kxh5 b4 50. Kg5 f4 51. Kg4 b3 52. Ba3 Kd5 53. Kf3 Ke6 54. Ke4 Kf6 55. h4 Kg6 0-1

[Event "Oberliga Sued W 1819"]
[Site "Germany"]
[Date "2019.04.07"]
[Round "9.8"]
[White "Tschilingiri, Vladimir"]
[Black "Holle, Cedric"]
[Result "0-1"]
[WhiteElo "1983"]
[BlackElo "2088"]
[PlyCount "86"]
[EventDate "2018.10.21"]
[EventType "team-tourn"]
[EventRounds "9"]
[EventCountry "GER"]
[SourceTitle "EXT 2020"]
[Source "ChessBase"]
[SourceDate "2019.10.17"]
[SourceVersion "1"]
[SourceVersionDate "2019.10.17"]
[SourceQuality "1"]
[WhiteTeam "Worms"]
[BlackTeam "Schwarzenbach Caissa"]
[WhiteTeamCountry "GER"]
[BlackTeamCountry "GER"]

1. e4 e5 2. Nf3 Nc6 3. Bc4 Nf6 4. d4 exd4 5. e5 d5 6. Bb5 Ne4 7. Nxd4 Bd7 8. Bxc6 bxc6 9. 0-0 Be7 10. f3 Ng5 11. f4 Ne4 12. f5 c5 13. Nb3 Bb5 14. Re1 Bh4 15. g3 Nxg3 16. Nc3 Nxf5 17. Nxb5 Bxe1 18. Qxe1 Rb8 19. Nc3 Rb4 20. Nxc5 Rg4+ 21. Kf1 0-0 22. Qf2 g6 23. Bf4 c6 24. Re1 Qe7 25. b4 a5 26. a3 axb4 27. axb4 Ra8 28. N3a4 Rxa4 29. Nxa4 Qxb4 30. Bg3 Qxa4 31. e6 fxe6 32. Rxe6 Qc4+ 33. Kg1 Re4 34. Rf6 Qd4 35. Qxd4 Nxd4 36. c3 Ne2+ 37. Kf2 Nxg3 38. hxg3 Rc4 39. Rf3 Kg7 40. Ke2 Kh6 41. Kd3 Kg5 42. Re3 Kg4 43. Ke2 Re4 0-1

[Event "Oberliga Sued W 1617"]
[Site "Germany"]
[Date "2016.09.25"]
[Round "1.7"]
[White "Holle, Cedric"]
[Black "Michels, Achim"]
[Result "0-1"]
[WhiteElo "2055"]
[BlackElo "2168"]
[PlyCount "80"]
[EventDate "2016.09.25"]
[EventType "team-tourn"]
[EventRounds "9"]
[EventCountry "GER"]
[SourceTitle "EXT 2018"]
[Source "ChessBase"]
[SourceDate "2017.10.13"]
[SourceVersion "1"]
[SourceVersionDate "2017.10.13"]
[SourceQuality "1"]
[WhiteTeam "Saarbruecken SVG"]
[BlackTeam "Gau Algesheim"]
[WhiteTeamCountry "GER"]
[BlackTeamCountry "GER"]

1. e4 c5 2. Nf3 d6 3. d4 cxd4 4. Nxd4 Nf6 5. Nc3 a6 6. Bg5 e6 7. f4 Be7 8. Qf3 Qc7 9. 0-0-0 h6 10. Bh4 Nbd7 11. Be2 0-0 12. g4 b5 13. Bd3 Bb7 14. Rhg1 b4 15. Nce2 Nc5 16. Bxf6 Bxf6 17. h4 Rfc8 18. g5 hxg5 19. hxg5 Bxd4 20. Nxd4 Nxd3+ 21. Qxd3 Qc4 22. Kb1 Qxd3 23. cxd3 g6 24. Rd2 e5 25. Nc2 exf4 26. Nxb4 a5 27. Nc2 d5 28. e5 d4 29. Nxd4 Rc5 30. Re1 Re8 31. e6 Rxg5 32. Rc2 fxe6 33. Kc1 f3 34. Rf2 e5 35. Kd2 Rg2 36. Rxg2 fxg2 37. Nc2 Rd8 38. Ke2 Ba6 39. Kf2 Rxd3 40. Re2 Rd1 0-1

[Event "Oberliga Sued W 1415"]
[Site "Germany"]
[Date "2014.11.09"]
[Round "3.5"]
[White "Holle, Cedric"]
[Black "Fries, Frederik"]
[Result "1-0"]
[WhiteElo "1955"]
[BlackElo "2170"]
[PlyCount "85"]
[EventDate "2014.09.21"]
[EventType "team-tourn"]
[EventRounds "9"]
[EventCountry "GER"]
[SourceTitle "EXT 2019"]
[Source "ChessBase"]
[SourceDate "2018.10.10"]
[SourceVersion "1"]
[SourceVersionDate "2018.10.10"]
[SourceQuality "1"]
[WhiteTeam "Saarbruecken SVG"]
[BlackTeam "Schwarzenbach Caissa"]
[WhiteTeamCountry "GER"]
[BlackTeamCountry "GER"]

1. e4 c6 2. d4 d5 3. e5 Bf5 4. Nf3 e6 5. Be2 Ne7 6. 0-0 Nc8 7. Nbd2 Nd7 8. c4 dxc4 9. Nxc4 Be7 10. Bd2 Ncb6 11. Ba5 Qb8 12. Ne3 Bg6 13. Rc1 0-0 14. Nd2 Rc8 15. f4 Nd5 16. Nxd5 cxd5 17. Qa4 Nf8 18. g4 f5 19. Bb4 b5 20. Qa3 Bxb4 21. Qxb4 Qb6 22. Rc5 a6 23. Rfc1 Rxc5 24. dxc5 Qa7 25. Nb3 Rc8 26. Nd4 fxg4 27. Bxg4 Qf7 28. Qd2 Be4 29. Qf2 h5 30. Bh3 Qg6+ 31. Qg3 Qxg3+ 32. hxg3 Kf7 33. Kf2 g6 34. c6 Ke7 35. Bf1 Nd7 36. a4 Nb6 37. axb5 axb5 38. Bxb5 Ra8 39. c7 Ra2 40. Rc6 Rxb2+ 41. Ke3 Nc8 42. Rxe6+ Kf7 43. Be8+ 1-0

[Event "GER-ch U18"]
[Site "Magdeburg"]
[Date "2014.06.10"]
[Round "5"]
[White "Holle, Cedric"]
[Black "Schreiber, Kevin"]
[Result "0-1"]
[WhiteElo "2076"]
[BlackElo "2020"]
[PlyCount "96"]
[EventDate "2014.06.08"]
[EventType "swiss"]
[EventRounds "9"]
[EventCountry "GER"]
[SourceTitle "CBM 160 Extra"]
[Source "ChessBase"]
[SourceDate "2014.07.01"]
[SourceVersion "1"]
[SourceVersionDate "2014.07.01"]
[SourceQuality "1"]

1. e4 c5 2. Nf3 e6 3. d4 cxd4 4. Nxd4 Nc6 5. Be3 Qc7 6. Nc3 a6 7. Nxc6 bxc6 8. Bd3 Nf6 9. 0-0 Be7 10. f4 d5 11. e5 Nd7 12. Qg4 g6 13. Ne2 c5 14. c3 Bb7 15. Rad1 0-0-0 16. b4 c4 17. Bc2 Rdg8 18. Nd4 h5 19. Qe2 Nf8 20. b5 g5 21. b6 Qb8 22. Rde1 gxf4 23. Bxf4 Ng6 24. Bxg6 Rxg6 25. a4 a5 26. Qb2 Ba6 27. Kh1 Kd7 28. Rb1 Qb7 29. Be3 f6 30. exf6 Bxf6 31. Rf2 Rh7 32. Qc2 Rhg7 33. Re2 Be5 34. Bg1 Qb8 35. Nf3 Bd6 36. Bd4 Rg8 37. Qd2 Bf4 38. Qe1 Bb7 39. Rb5 Qa8 40. Qh4 Bd6 41. Qxh5 Qf8 42. Qh7+ Kc8 43. Rc5+ Kb8 44. Rc7 Bxc7 45. Qxc7+ Ka8 46. Rf2 Rxg2 47. Rf1 Rc2 48. h4 Qf5 0-1

[Event "GER-ch U18"]
[Site "Magdeburg"]
[Date "2014.06.08"]
[Round "2"]
[White "Humburg, Philipp"]
[Black "Holle, Cedric"]
[Result "0-1"]
[WhiteElo "2155"]
[BlackElo "2076"]
[PlyCount "88"]
[EventDate "2014.06.08"]
[EventType "swiss"]
[EventRounds "9"]
[EventCountry "GER"]
[SourceTitle "CBM 160 Extra"]
[Source "ChessBase"]
[SourceDate "2014.07.01"]
[SourceVersion "1"]
[SourceVersionDate "2014.07.01"]
[SourceQuality "1"]

1. Nf3 Nf6 2. c4 c6 3. d4 d5 4. e3 e6 5. b3 Be7 6. Bd3 0-0 7. Bb2 Nbd7 8. 0-0 Re8 9. Nbd2 Qc7 10. Ne5 dxc4 11. bxc4 c5 12. Qf3 Bd6 13. Qg3 Nh5 14. Qh3 Nhf6 15. f4 b6 16. Ndf3 Re7 17. Ng5 Nf8 18. Ng4 e5 19. Nxf6+ gxf6 20. Bxh7+ Kg7 21. f5 exd4 22. Qg4 fxg5 23. f6+ Kh6 24. Bf5 Bxh2+ 25. Kh1 Rxe3 26. Bc1 Bxf5 27. Qxf5 Rae8 28. Bxe3 Rxe3 29. Rae1 Bg3 30. Rxe3 dxe3 31. Qh3+ Bh4 32. Qxe3 Ng6 33. Rd1 Qe5 34. Qf3 Bg3 35. a4 Nh4 36. Qg4 Qe3 37. Rf1 Bf4 38. Rd1 Qf2 39. Rb1 Kg6 40. Qh3 Nf5 41. Qf3 Ng3+ 42. Kh2 Ne4+ 43. Kh1 Qh4+ 44. Kg1 Qh2+ 0-1

[Event "Saarland-ch MA 89th"]
[Site "Stennweiler"]
[Date "2014.04.19"]
[Round "9"]
[White "Holle, Cedric"]
[Black "Barmbold, Jens"]
[Result "1/2-1/2"]
[WhiteElo "1907"]
[BlackElo "2199"]
[PlyCount "85"]
[EventDate "2014.04.11"]
[EventType "swiss"]
[EventRounds "9"]
[EventCountry "GER"]
[SourceTitle "EXT 2016"]
[Source "ChessBase"]
[SourceDate "2015.10.08"]
[SourceVersion "1"]
[SourceVersionDate "2015.10.08"]
[SourceQuality "1"]

1. e4 c5 2. Nf3 d6 3. d4 cxd4 4. Nxd4 Nf6 5. Nc3 a6 6. Bg5 Nbd7 7. f4 Qc7 8. Qf3 h6 9. Bh4 g5 10. fxg5 hxg5 11. Bxg5 Qc5 12. Nf5 e6 13. Bxf6 Nxf6 14. Ne3 Nd7 15. Nc4 Rb8 16. b4 Qc7 17. b5 Ne5 18. Nxe5 dxe5 19. Rb1 Bc5 20. Be2 a5 21. b6 Bxb6 22. Nb5 Qe7 23. Rf1 Bd7 24. Qxf7+ Qxf7 25. Nd6+ Ke7 26. Rxf7+ Kxd6 27. Rxb6+ Kc5 28. Rb3 Bc6 29. h3 Bxe4 30. Rb5+ Kd6 31. Bf3 Bxc2 32. Bxb7 Bd3 33. Rb6+ Kc5 34. Rxe6 e4 35. Re5+ Kd4 36. Rxa5 Ke3 37. Rg5 Rhg8 38. Rfg7 Rxg7 39. Rxg7 Rf8 40. Rg3+ Kd4 41. Bxe4 Rf1+ 42. Kd2 Rf2+ 43. Ke1 1/2-1/2

[Event "GER-ch U18"]
[Site "Oberhof"]
[Date "2013.05.25"]
[Round "9"]
[White "Holle, Cedric"]
[Black "Hebbering, Tom Elliot"]
[Result "1/2-1/2"]
[WhiteElo "1890"]
[BlackElo "2002"]
[PlyCount "108"]
[EventDate "2013.05.19"]
[EventType "swiss"]
[EventRounds "9"]
[EventCountry "GER"]
[SourceTitle "CBM 154 Extra"]
[Source "ChessBase"]
[SourceDate "2013.06.25"]
[SourceVersion "2"]
[SourceVersionDate "2013.06.25"]
[SourceQuality "1"]

1. e4 c5 2. Nf3 e6 3. d4 cxd4 4. Nxd4 Nc6 5. Nxc6 bxc6 6. Nc3 Be7 7. Bf4 d6 8. Bc4 a6 9. Qf3 Nf6 10. g4 d5 11. Bd3 Qb6 12. 0-0-0 Qa5 13. g5 Nd7 14. exd5 cxd5 15. Rhe1 Bb7 16. Qh3 Nc5 17. g6 Bf6 18. gxf7+ Kxf7 19. Qh5+ g6 20. Qf3 Rhf8 21. Bd6 Rfe8 22. Be5 Nd7 23. Bxf6 Nxf6 24. h4 e5 25. Bc4 Rad8 26. Ne4 Qb6 27. Rxd5 Bxd5 28. Bxd5+ Kg7 29. Bb3 Nxe4 30. Rxe4 Qf6 31. Qe3 Re7 32. h5 Rd4 33. hxg6 hxg6 34. f3 Rxe4 35. Qxe4 Qg5+ 36. Kd1 Qf4 37. Bd5 Qxe4 38. Bxe4 Rd7+ 39. Ke2 Kf6 40. c4 Rd4 41. c5 g5 42. Ke3 Ke6 43. a3 a5 44. b3 Rd1 45. b4 Ra1 46. b5 Rxa3+ 47. Kd2 Rb3 48. b6 Rb5 49. Bc6 Rb4 50. Kc3 Ke7 51. Bd5 Kd8 52. Be6 Ke7 53. Bd5 Kd8 54. Be6 Ke7 1/2-1/2

[Event "GER-ch U18"]
[Site "Oberhof"]
[Date "2013.05.23"]
[Round "7"]
[White "Miller, Eduard"]
[Black "Holle, Cedric"]
[Result "1/2-1/2"]
[WhiteElo "2137"]
[BlackElo "1890"]
[PlyCount "59"]
[EventDate "2013.05.19"]
[EventType "swiss"]
[EventRounds "9"]
[EventCountry "GER"]
[SourceTitle "CBM 154 Extra"]
[Source "ChessBase"]
[SourceDate "2013.06.25"]
[SourceVersion "2"]
[SourceVersionDate "2013.06.25"]
[SourceQuality "1"]

1. Nf3 d5 2. g3 c6 3. Bg2 Bg4 4. 0-0 Nf6 5. d3 Nbd7 6. Nbd2 e5 7. h3 Bxf3 8. Nxf3 Bc5 9. Nxe5 Nxe5 10. d4 Bd6 11. dxe5 Bxe5 12. Be3 0-0 13. Qd3 Re8 14. a4 Qe7 15. Ra3 Bxb2 16. Rb3 Be5 17. a5 Red8 18. Rfb1 Rd7 19. c4 h6 20. cxd5 Nxd5 21. Bxd5 cxd5 22. Bc1 Rb8 23. Rb5 Qe6 24. Qe3 Bd6 25. Qxe6 fxe6 26. Be3 b6 27. axb6 axb6 28. Rxb6 Rxb6 29. Rxb6 Kf7 30. Bd4 1/2-1/2

[Event "GER-ch U18"]
[Site "Oberhof"]
[Date "2013.05.21"]
[Round "5"]
[White "Ehret, Thomas"]
[Black "Holle, Cedric"]
[Result "1-0"]
[WhiteElo "2030"]
[BlackElo "1890"]
[PlyCount "47"]
[EventDate "2013.05.19"]
[EventType "swiss"]
[EventRounds "9"]
[EventCountry "GER"]
[SourceTitle "CBM 154 Extra"]
[Source "ChessBase"]
[SourceDate "2013.06.25"]
[SourceVersion "2"]
[SourceVersionDate "2013.06.25"]
[SourceQuality "1"]

1. e4 e6 2. d4 d5 3. Nd2 Be7 4. c3 Nf6 5. e5 Nfd7 6. Bd3 c5 7. Ne2 Nc6 8. 0-0 cxd4 9. cxd4 Qb6 10. Nf3 f6 11. Nf4 fxe5 12. dxe5 Ndxe5 13. Nxe5 Nxe5 14. Qh5+ Nf7 15. Bxh7 e5 16. Ng6 Bg4 17. Qxg4 Rxh7 18. Qf5 Qf6 19. Nxe7 Qh4 20. h3 Kxe7 21. b3 Rh5 22. Ba3+ Nd6 23. Qg6 Rd8 24. Rac1 1-0

[Event "GER-ch U25 op-A"]
[Site "Oberhof"]
[Date "2012.05.28"]
[Round "3"]
[White "Figura, Atila Gajo"]
[Black "Holle, Cedric"]
[Result "1-0"]
[WhiteElo "2334"]
[BlackElo "1827"]
[PlyCount "69"]
[EventDate "2012.05.27"]
[EventType "swiss"]
[EventRounds "9"]
[EventCountry "GER"]
[SourceTitle "CBM 148 Extra"]
[Source "ChessBase"]
[SourceDate "2012.06.22"]
[SourceVersion "1"]
[SourceVersionDate "2012.06.22"]
[SourceQuality "1"]

1. d4 Nf6 2. c4 c5 3. d5 b5 4. cxb5 a6 5. bxa6 Bxa6 6. Nc3 g6 7. e4 Bxf1 8. Kxf1 d6 9. Nge2 Bg7 10. h3 0-0 11. Kg1 Nbd7 12. Qc2 Qb6 13. Kh2 Rfb8 14. Rb1 Ne5 15. b3 c4 16. Rf1 Qa6 17. b4 Nfd7 18. b5 Qa5 19. Be3 Nd3 20. Nd4 Nb4 21. Qb2 Nd3 22. Qd2 N7c5 23. Rfd1 Rb7 24. f3 Be5+ 25. Kh1 e6 26. dxe6 Nxe6 27. Nde2 Nec5 28. Bd4 Na4 29. Nd5 Bxd4 30. Nxd4 Qa7 31. Nc6 Qc5 32. Qh6 f5 33. Nce7+ Kh8 34. Nxg6+ Kg8 35. Nge7+ 1-0

[Event "GER-ch U25 op-A"]
[Site "Oberhof"]
[Date "2012.05.27"]
[Round "2"]
[White "Holle, Cedric"]
[Black "Kieslich, Aaron"]
[Result "1-0"]
[WhiteElo "1827"]
[BlackElo "2023"]
[PlyCount "79"]
[EventDate "2012.05.27"]
[EventType "swiss"]
[EventRounds "9"]
[EventCountry "GER"]
[SourceTitle "CBM 148 Extra"]
[Source "ChessBase"]
[SourceDate "2012.06.22"]
[SourceVersion "1"]
[SourceVersionDate "2012.06.22"]
[SourceQuality "1"]

1. e4 c5 2. Nf3 d6 3. d4 cxd4 4. Nxd4 Nf6 5. Nc3 a6 6. Bg5 e6 7. f4 Be7 8. Qf3 Qc7 9. Be2 Nbd7 10. 0-0-0 b5 11. Bxf6 Nxf6 12. e5 Bb7 13. exf6 Bxf3 14. Bxf3 Bxf6 15. Bxa8 d5 16. Bxd5 Qxf4+ 17. Kb1 Bxd4 18. Bc6+ Kf8 19. Ne2 Qc7 20. Nxd4 g6 21. Rhe1 e5 22. Nf3 Qxc6 23. Nxe5 Qxg2 24. Rd7 Qxh2 25. Rxf7+ Kg8 26. Rb7 Qg2 27. Rc7 Kf8 28. Rd1 Ke8 29. Rc8+ Ke7 30. Rxh8 Qe2 31. Rxh7+ Ke6 32. Rhh1 g5 33. Rde1 Qg2 34. Rhg1 Qb7 35. Rxg5 Qc7 36. Nf3+ Kf6 37. Nd4 Qd7 38. Rf5+ Kg6 39. Rg1+ Kh6 40. Rf2 1-0

[Event "Saarland-ch MA 87th"]
[Site "Voelklingen"]
[Date "2012.04.05"]
[Round "7"]
[White "Holle, Cedric"]
[Black "Krpan, Karlo"]
[Result "0-1"]
[WhiteElo "1843"]
[BlackElo "2131"]
[PlyCount "153"]
[EventDate "2012.03.30"]
[EventType "swiss"]
[EventRounds "7"]
[EventCountry "GER"]
[SourceTitle "EXT 2013"]
[Source "ChessBase"]
[SourceDate "2012.11.22"]
[SourceVersion "1"]
[SourceVersionDate "2012.11.22"]
[SourceQuality "1"]

1. e4 d6 2. d4 Nf6 3. Nc3 g6 4. f4 Bg7 5. Nf3 0-0 6. Be3 Ng4 7. Bg1 e5 8. h3 exd4 9. Bxd4 Nf6 10. Qd2 Re8 11. Bd3 Nc6 12. Bf2 Nxe4 13. Nxe4 d5 14. Bh4 f6 15. 0-0-0 dxe4 16. Bc4+ Be6 17. Qc3 Qc8 18. Nh2 f5 19. Qb3 Nd4 20. Bxe6+ Qxe6 21. Qxe6+ Rxe6 22. Rhe1 Rc6 23. Rd2 Ne6 24. g3 h6 25. Be7 Re8 26. Rd7 Bf8 27. Bxf8 Nxf8 28. Rd5 Rd6 29. Rxd6 cxd6 30. Rd1 Re6 31. Kd2 Nd7 32. Nf1 Nf6 33. Ne3 Nh5 34. Rg1 Kf7 35. c4 Re8 36. g4 Nxf4 37. gxf5 g5 38. h4 Kf6 39. hxg5+ hxg5 40. Rh1 Nd3 41. b3 Ke5 42. Rh7 Kf4 43. f6 g4 44. Rh5 Kg3 45. f7 Rf8 46. Nf5+ Kf3 47. Nxd6 Nf4 48. Re5 g3 49. Rxe4 g2 50. Re3+ Kg4 51. Re8 g1Q 52. Rxf8 Qd4+ 53. Kc2 Qd3+ 54. Kb2 Qd2+ 55. Kb1 Qe1+ 56. Kc2 Qe2+ 57. Kb1 Qd1+ 58. Kb2 Qd2+ 59. Kb1 Qd1+ 60. Kb2 Qd4+ 61. Kc2 Qd3+ 62. Kb2 Qd2+ 63. Kb1 Ne6 64. Rg8+ Kh5 65. Rg5+ Kh6 66. Rf5 Nf8 67. Rf6+ Kg7 68. Ne8+ Kh7 69. c5 Qd3+ 70. Kb2 Qd4+ 71. Kb1 Qxc5 72. Kb2 Qd4+ 73. Kb1 Nd7 74. f8Q Nxf8 75. Rxf8 Qe4+ 76. Kb2 Qd4+ 77. Kb1 0-1

[Event "Saarland-ch MA 87th"]
[Site "Voelklingen"]
[Date "2012.04.01"]
[Round "3"]
[White "Faas, Dominik"]
[Black "Holle, Cedric"]
[Result "1-0"]
[WhiteElo "2028"]
[BlackElo "1843"]
[PlyCount "79"]
[EventDate "2012.03.30"]
[EventType "swiss"]
[EventRounds "7"]
[EventCountry "GER"]
[SourceTitle "EXT 2013"]
[Source "ChessBase"]
[SourceDate "2012.11.22"]
[SourceVersion "1"]
[SourceVersionDate "2012.11.22"]
[SourceQuality "1"]

1. e4 e6 2. d4 d5 3. e5 c5 4. c3 Qb6 5. Nf3 Nc6 6. a3 Nh6 7. b4 cxd4 8. cxd4 Nf5 9. Bb2 Bd7 10. g4 Nfe7 11. Nc3 Na5 12. Na4 Bxa4 13. Qxa4+ Nac6 14. Rc1 Rc8 15. Qd1 a6 16. Bd3 Ng6 17. Qd2 Be7 18. h4 Rc7 19. h5 Nf8 20. 0-0 Nd7 21. Rc2 f6 22. Rfc1 0-0 23. exf6 Nxf6 24. Qe2 Bd8 25. Qxe6+ Kh8 26. Qf5 g6 27. hxg6 hxg6 28. Qf4 Nh7 29. Qg3 Rcf7 30. Ne5 Nxe5 31. dxe5 Rf3 32. e6+ Kg8 33. Qe5 Bf6 34. Qxd5 Kh8 35. Qxf3 Qxe6 36. Bxf6+ Nxf6 37. Rc8 Rxc8 38. Rxc8+ Qxc8 39. Qxf6+ Kg8 40. Qxg6+ 1-0

[Event "GER-ch U16"]
[Site "Oberhof"]
[Date "2011.06.17"]
[Round "8"]
[White "Holle, Cedric"]
[Black "Klarner, Alexander"]
[Result "1-0"]
[WhiteElo "1832"]
[BlackElo "1889"]
[PlyCount "39"]
[EventDate "2011.06.11"]
[EventType "swiss"]
[EventRounds "9"]
[EventCountry "GER"]
[SourceTitle "CBM 142 Extra"]
[Source "ChessBase"]
[SourceDate "2011.06.27"]
[SourceVersion "1"]
[SourceVersionDate "2011.06.27"]
[SourceQuality "1"]

1. e4 c5 2. Nf3 Nc6 3. d4 cxd4 4. Nxd4 g6 5. Nc3 Bg7 6. Be3 Nf6 7. Bc4 d6 8. f3 Bd7 9. Bb3 0-0 10. Qd2 Qa5 11. 0-0-0 Ne5 12. Bh6 Rac8 13. Bxg7 Kxg7 14. g4 b5 15. h4 b4 16. Nd5 Nxd5 17. exd5 Nc4 18. Qf4 Qa6 19. h5 e5 20. h6+ 1-0

[Event "GER-ch U16"]
[Site "Oberhof"]
[Date "2011.06.15"]
[Round "6"]
[White "Holle, Cedric"]
[Black "Neef, Maximilian"]
[Result "0-1"]
[WhiteElo "1832"]
[BlackElo "1999"]
[PlyCount "66"]
[EventDate "2011.06.11"]
[EventType "swiss"]
[EventRounds "9"]
[EventCountry "GER"]
[SourceTitle "CBM 142 Extra"]
[Source "ChessBase"]
[SourceDate "2011.06.27"]
[SourceVersion "1"]
[SourceVersionDate "2011.06.27"]
[SourceQuality "1"]

1. e4 e6 2. d4 d5 3. Nc3 Nf6 4. e5 Nfd7 5. f4 c5 6. Nf3 Nc6 7. Be3 Be7 8. Qd2 a6 9. dxc5 Nxc5 10. 0-0-0 b5 11. f5 b4 12. Ne2 Ne4 13. Qe1 Qa5 14. Kb1 exf5 15. Ned4 Nxd4 16. Nxd4 Qc7 17. Bd3 0-0 18. Bxe4 fxe4 19. Qg3 Kh8 20. Rhf1 Be6 21. Rf2 Rac8 22. Ka1 Bc5 23. Qg5 Qd7 24. g4 Be7 25. Qf4 f6 26. Rdf1 Bg8 27. Nf5 fxe5 28. Qxe5 Bf6 29. Qg3 d4 30. g5 Qe6 31. c4 Be5 32. Bxd4 Rxf5 33. Bxe5 Rxe5 0-1

[Event "GER-ch U16"]
[Site "Oberhof"]
[Date "2011.06.14"]
[Round "4"]
[White "Holle, Cedric"]
[Black "Gibicar, Danijel"]
[Result "0-1"]
[WhiteElo "1832"]
[BlackElo "2037"]
[PlyCount "70"]
[EventDate "2011.06.11"]
[EventType "swiss"]
[EventRounds "9"]
[EventCountry "GER"]
[SourceTitle "CBM 142 Extra"]
[Source "ChessBase"]
[SourceDate "2011.06.27"]
[SourceVersion "1"]
[SourceVersionDate "2011.06.27"]
[SourceQuality "1"]

1. e4 e6 2. d4 d5 3. Nc3 Bb4 4. e5 c5 5. a3 Ba5 6. Qg4 Ne7 7. Nf3 Nbc6 8. Bd3 cxd4 9. Nxd4 Nxe5 10. Bb5+ Bd7 11. Qxg7 N5g6 12. 0-0 Bxb5 13. Ncxb5 a6 14. Nc3 e5 15. Bg5 Bxc3 16. bxc3 exd4 17. Bxe7 Kxe7 18. Rfe1+ Kd6 19. Qxd4 Qa5 20. Qf6+ Kc7 21. Qxf7+ Kb8 22. Rab1 Qc7 23. Qxd5 Rc8 24. Re3 Qc6 25. Qf7 Rc7 26. Qf5 Qxg2+ 27. Kxg2 Nh4+ 28. Kh3 Nxf5 29. Rf3 Nd6 30. Kg4 Ka7 31. Kh5 Rg8 32. Rd1 Ne4 33. c4 Rg5+ 34. Kh6 Rg6+ 35. Kh5 Nf6+ 0-1

[Event "GER-ch U16"]
[Site "Oberhof"]
[Date "2011.06.12"]
[Round "2"]
[White "Holle, Cedric"]
[Black "Noe, Christopher"]
[Result "0-1"]
[WhiteElo "1832"]
[BlackElo "1998"]
[PlyCount "72"]
[EventDate "2011.06.11"]
[EventType "swiss"]
[EventRounds "9"]
[EventCountry "GER"]
[SourceTitle "CBM 142 Extra"]
[Source "ChessBase"]
[SourceDate "2011.06.27"]
[SourceVersion "1"]
[SourceVersionDate "2011.06.27"]
[SourceQuality "1"]

1. e4 Nf6 2. e5 Nd5 3. c4 Nb6 4. d4 d6 5. exd6 cxd6 6. Nc3 g6 7. Nf3 Bg7 8. b3 0-0 9. Be2 e5 10. 0-0 Nc6 11. Be3 Bg4 12. d5 Ne7 13. Rc1 Nf5 14. Bg5 Bf6 15. Bxf6 Qxf6 16. Ne4 Qd8 17. Nfd2 Bxe2 18. Qxe2 Nd4 19. Qe3 f5 20. Nc3 f4 21. Qd3 f3 22. gxf3 Qg5+ 23. Kh1 Qh5 24. Nce4 Rf4 25. Rg1 Raf8 26. Rg5 Qh4 27. Rg3 Qh5 28. Ng5 Rh4 29. Rg2 Rf5 30. Nde4 Nd7 31. Qe3 h6 32. Ng3 Qxg5 33. Nxf5 Qxf5 34. Rcg1 Nf8 35. Rg3 Qh5 36. R1g2 Nf5 0-1